Normal view
MARC view
Entry Personal Name
001 - CONTROL NUMBER
- control field: 43455
003 - CONTROL NUMBER IDENTIFIER
- control field: ARRUPE
005 - DATE AND TIME OF LATEST TRANSACTION
- control field: 20181115090313.0
008 - FIXED-LENGTH DATA ELEMENTS
- fixed length control field: 181115|| aca||aabn | a|a d
040 ## - CATALOGING SOURCE
- Original cataloging agency: ARRUPE
- Transcribing agency: ARRUPE
100 ## - HEADING--PERSONAL NAME
- Personal name: Raiser, Konrad,
- Dates associated with a name: 1938-
670 ## - SOURCE DATA FOUND
- Source citation: Work cat.: (ARRUPE)0: Raiser, Konrad, 1938-, To be the church :, c1997.